Những mẫu nhà đẹp trong kiến trúc xây dựng /

Sparad:
Bibliografiska uppgifter
Huvudupphovsman: Tạ Ngọc Quốc Minh.
Övriga upphovsmän: Nguyễn Chí Trung.
Materialtyp: Bok
Språk:Vietnamese
Publicerad: Hà Nội : Thống kê, 2003.
Ämnen:
Taggar: Lägg till en tagg
Inga taggar, Lägg till första taggen!
Thư viện lưu trữ: Mạng thư viện Đại học Đà Nẵng
LEADER 01151cam a2200349 a 4500
001 000044121
003 2369
005 20060322144402.0
008 010217b2003 vm 000 vie
020 |c 46000 
040 |a LRC  |c LRC  |d LRC 
041 0 |a vie 
082 1 4 |a 728.3  |b TA-M 
100 1 |a Tạ Ngọc Quốc Minh. 
245 1 6 |a Những mẫu nhà đẹp trong kiến trúc xây dựng /  |c Tạ Ngọc Quốc Minh, Nguyễn Chí Trung và các cộng sự. 
260 |a Hà Nội :  |b Thống kê,  |c 2003. 
300 |a 319 tr. :  |b mh. ;  |c 24 cm. 
630 0 4 |a Nhà ở. 
650 0 4 |a Nhà ở  |x Kiến trúc. 
700 1 |a Nguyễn Chí Trung. 
OWN |a DUT 
AVA |a UDN50  |b DUT  |c Book  |d 728.3 TA-M  |e available  |t Error 5001 Not defined in file expand_doc_bib_avail.  |f 5  |g 1  |h N  |i 5  |j SH  |k 1 
999 |a From the UDN01 
AVA |a UDN50  |b DUT  |c Book  |d 728.3 TA-M  |e available  |t Error 5001 Not defined in file expand_doc_bib_avail.  |f 5  |g 1  |h N  |i 5  |j SH  |k 1 
TYP |a Monograph 
TYP |a Printed language 
980 |a Mạng thư viện Đại học Đà Nẵng